XO Tour Llif3 - Lil Uzi Vert (Full lyrics) - Statistics

General Stats
  • This quiz has been taken 46 times
  • The average score is 335 of 480
Answer Stats
Lyrics % Correct
a
100%
I
100%
"I
100%
my
100%
My
100%
all
97%
All
97%
Are
97%
are
97%
edge
97%
edge,
97%
friends
97%
me
97%
me,
97%
Push
97%
push
97%
the
97%
to
97%
you
97%
you,
97%
dead,
95%
dead
95%
don't
95%
real,
95%
car,
92%
cry
92%
if
92%
care
90%
really
90%
in
87%
In
87%
no
87%
die"
85%
die
85%
she
85%
She
85%
am
82%
eyes
82%
never
82%
not
82%
said,
82%
afraid
79%
G
79%
lied
79%
saw
77%
Saw
77%
way
77%
I'm
74%
should've
72%
Should've
72%
Yeah
72%
yeah,
72%
yeah
72%
Yeah,
72%
alright?
69%
alright,
69%
alright
69%
looked
69%
on
69%
On
69%
"Baby,
67%
it
67%
it,
67%
And
64%
and
64%
go
64%
right
62%
your
62%
Your
62%
money,
59%
that
59%
That
59%
ooh,
56%
quite
56%
top
54%
of
51%
white
51%
away
49%
bands
49%
Phantom
49%
say
49%
say,
49%
fallin'
46%
Like
46%
like,
46%
like
46%
make
46%
money's
46%
over
46%
over"
46%
be
44%
is
44%
that's
44%
got
41%
Got
41%
leave
41%
red,
41%
they
41%
'til
41%
worst,
41%
worst"
41%
brain
38%
"Come
38%
her
38%
insane,
38%
just
38%
now
38%
Now
38%
spot
38%
Stackin'
38%
stackin'
38%
blow
36%
call
36%
control
36%
Every
36%
Fast
36%
head
36%
inside
36%
it's
36%
nigga,
36%
universe
36%
Xanny,
36%
down,
33%
down
33%
out
33%
pain,
33%
Please,
33%
some
33%
swag
33%
swag,
33%
take
33%
time
33%
want
33%
addicted,
31%
can't
31%
committed,
31%
NASCAR,
31%
sled
31%
Casanova
28%
girlfriend
28%
ride
28%
this
28%
treat
28%
"You're
28%
you're
28%
Countin'
26%
countin'
26%
'em,
26%
'em
26%
feel
26%
Lookin'
26%
same
26%
swear
26%
them
26%
won't
26%
at
23%
but
23%
cannot
23%
Everybody
23%
gon'
23%
green
23%
racks
23%
somethin'
23%
wanna
23%
was
23%
might
21%
overseas
21%
race
21%
then
21%
we
21%
ain't
18%
because
18%
fake
18%
from
18%
keep
18%
though
18%
help
15%
Rain
15%
rain
15%
slowin'
15%
thunderstorm,
15%
Clothes
13%
club,
13%
Hermès,
13%
Hermès
13%
ones,
13%
tear
13%
bracelet
10%
C-Notes,
10%
G-roll
10%
niggas
10%
twenties,
10%
would
10%
hard
8%
lil'
8%
these
8%
Watch
8%
beg
5%
cadence
5%
Medicine,
5%
No matching quizzes found
Score Distribution
Percent of People with Each Score
Percentile by Number Answered
Your Score History
You have not taken this quiz